| 000 | 00491nam a22001697a 4500 | ||
|---|---|---|---|
| 005 | 20240108120555.0 | ||
| 008 | 220210b ||||| |||| 00| 0 eng d | ||
| 020 | _a978-93-88293-10-5 | ||
| 041 | _aeng | ||
| 082 | _a615.32 | ||
| 100 |
_aYADAV, DR. ADHIKARAO.V , YADAV Dr. ADHIKRAO V , JADHAV PANKAJ A AND MS KADAM Ms SATWASHILA _98294 |
||
| 245 | _aA TEXTBOOK OF PHYTOPHARMACEUTICALS | ||
| 260 |
_aPUNE _bNIRALI PRAKASHAN |
||
| 300 | _a1.3;p | ||
| 650 |
_aPHARMACY _xB.PHARMA |
||
| 942 | _cBK | ||
| 999 |
_c7903 _d7901 |
||